000
00314nam a2200133Ia 4500
008
190216s9999||||xx |||||||||||||| ||und||
100
_a
Pigou A C
245
0
_a
Economics Of Welfare
250
_a
4th Ed.
260
_b
The English Language Book Society
_c
1962
300
_a
876
650
_a
Economics
942
_c
BK
999
_c
9143
_d
9143